00751nam a22002177a 450000500170000001000290001702000260004603500270007203700150009903700160011408200150013024501460014526000310029127000650032230000360038750000490042370000190047270000190049170000200051071000030053020110629095043.0 aENG-102687 B-448711-715 c795.00a9780415677998 aEN-86220 B-448711-715 bDBAD / PUB bK.K.Pub/Ven a320.540954 aCultural entrenchment of Hindutva:cedited by Daniela Berti, Niclas Jaoul [and] Pralay Kanungoblocal meditations and forms of convergence / aNew DelhibRoutledgec2011 a912-915 Tolstoy House, 15-17 Tolstoy MargbNew Delhie110001 axii, 344 p. :c23cm (Hb) bill. aIncludes bibliographical references and ndex aBerti, Daniela aJaoul, Nicolas aKanungo, Pralay